Chicote / (Record no. 193244)

MARC details
000 -LEADER
campo de control de longitud fija 01825nam a2200433 i 4500
001 - NÚMERO DE CONTROL
campo de control 193244
003 - IDENTIFICADOR DE NÚMERO DE CONTROL
campo de control SpMaBN
005 - FECHA Y HORA DE LA ÚLTIMA TRANSACCIÓN
campo de control 20260313124343.0
007 - CAMPO FIJO DE DESCRIPCIÓN FÍSICA--INFORMACIÓN GENERAL
campo de control de longitud fija ta
008 - DATOS DE LONGITUD FIJA--INFORMACIÓN GENERAL
campo de control de longitud fija 180614s2015 sp a | |||| 000 0 spa
017 ## - NÚMERO DE COPYRIGHT O DE DEPÓSITO LEGAL
Número de copyright o de depósito legal M 968-2015
Agencia que asigna Oficina Depósito Legal Madrid
020 ## - NÚMERO INTERNACIONAL ESTÁNDAR DEL LIBRO
Número Internacional Estándar del Libro 9788461738526
035 ## - NÚMERO DE CONTROL DEL SISTEMA
Número de control de sistema (OCoLC)1055854808
035 ## - NÚMERO DE CONTROL DEL SISTEMA
Número de control de sistema a6206984
040 ## - FUENTE DE CATALOGACIÓN
Centro catalogador/agencia de origen SpMaBN
Lengua de catalogación spa
Centro/agencia transcriptor SpMaBN
Normas de descripción rdc
080 ## - NÚMERO DE LA CLASIFICACIÓN DECIMAL UNIVERSAL
Número de la Clasificación Decimal Universal 687 Ruiz de la Prada, Ágatha
080 ## - NÚMERO DE LA CLASIFICACIÓN DECIMAL UNIVERSAL
Número de la Clasificación Decimal Universal 641.5 Chicote, Alberto : 391
100 1# - ENTRADA PRINCIPAL--NOMBRE DE PERSONA
Nombre de persona Ruiz de la Prada, Ágatha,
Fechas asociadas al nombre 1960-
Término indicativo de función/relación Artista
9 (RLIN) 234284
245 10 - MENCIÓN DEL TÍTULO
Título Chicote /
Mención de responsabilidad, etc. [autores de los textos, Rafael Ansón Oliart, Alejandra Ansón Quintana]
260 ## - PUBLICACIÓN, DISTRIBUCIÓN, ETC.
Lugar de publicación, distribución, etc. [Madrid] :
Nombre del editor, distribuidor, etc. Fundación Ágatha Ruiz de la Prada,
Fecha de publicación, distribución, etc. [2015]
300 ## - DESCRIPCIÓN FÍSICA
Extensión 144 páginas :
Otras características físicas principalmente ilustraciones (color) ;
Dimensiones 22 cm
336 ## - TIPO DE CONTENIDO
Término de tipo de contenido Imagen (fija ; bidimensional ; visual)
-- Texto (visual)
Fuente isbdcontent
337 ## - TIPO DE MEDIO
Nombre/término del tipo de medio sin mediación
Fuente isbdmedia
338 ## - TIPO DE SOPORTE
Fuente rdacarrier
Nombre/término del tipo de soporte volumen
530 ## - NOTA DISPONIBLE DE FORMULARIO FÍSICO ADICIONAL
Nota de formato físico adicional disponible Disponible en formato digital
600 14 - PUNTO DE ACCESO ADICIONAL DE MATERIA--NOMBRE DE PERSONA
Nombre de persona Ruiz de la Prada, Ágatha,
Fechas asociadas al nombre 1960-
9 (RLIN) 234284
600 17 - PUNTO DE ACCESO ADICIONAL DE MATERIA--NOMBRE DE PERSONA
Nombre de persona Chicote, Alberto,
Fechas asociadas al nombre 1969-
9 (RLIN) 234368
655 #7 - TERMINO DE INDIZACIÓN--GENERO/FORMA
Datos o término principal de género/forma Libros ilustrados
Fuente del término tgfbne
9 (RLIN) 193653
700 1# - ENTRADA AGREGADA--NOMBRE PERSONAL
Nombre de persona Ansón, Rafael,
Fechas asociadas al nombre 1935-
9 (RLIN) 163268
Término indicativo de función/relación Autor
700 1# - ENTRADA AGREGADA--NOMBRE PERSONAL
Nombre de persona Ansón, Alejandra
9 (RLIN) 234369
Término indicativo de función/relación Autor
710 2# - ENTRADA AGREGADA--NOMBRE DE ENTIDAD CORPORATIVA
9 (RLIN) 234370
Nombre de entidad corporativa o nombre de jurisdicción como elemento de entrada Fundación Ágatha Ruiz de la Prada
852 ## - LOCALIZACIÓN
Ubicación ES-MaACL
Sublocalización o colección 154641
Ubicación en estantería Depósito J
Número de control de estantería N-9412
itemnumber 200667
Donativo/Legado Donación: Ágatha Ruiz de la Prada
Anotaciones manuscritas Dedicatoria de Ágatha Ruiz de la Prada
Encuadernación Encuadernación rústica
903 ## - NOMBRE PERSONAL DE DONANTE
a Ruiz de la Prada, Ágatha,
d 1960-
e Donante
9 234284
942 ## - ELEMENTOS DE ENTRADA SECUNDARIOS (KOHA)
Suprimir en OPAC No
Tipo de ítem Koha Libro impreso
Holdings
Estatus retirado Estado de pérdida Fuente del sistema de clasificación o colocación Estado de daño No para préstamo Colección Biblioteca de origen Biblioteca actual Ubicación en estantería Fecha de adquisición Número de control de estantería Total de préstamos Signatura topográfica completa Código de barras Visto por última vez Tipo de ítem Koha
    Clasificación decimal universal     Colección digital Biblioteca del Ateneo de Madrid Biblioteca del Ateneo de Madrid Depósito J 20/10/2023 Ateneísta   N-9412 101205955 20/10/2023 Libro impreso